Vista normal Vista MARC

Google Tag Manager (Registro nro. 14933)

Detalles MARC
000 -Cabecera (24)
Campo de control interno 01176nam a22002774a 4500
001 - Número de control
Campo de control UTEA
005 - Fecha y hora de la
Campo de control 20240914014736.0
006 - Campos de control - información adicional
Campos de control g||||gr||||||01 nz
007 - Tipo material - Descripcion fisica - info general
Tipo material ta
008 - Códigos de longitud fija (40p)
Campo de control de longitud fija 200208b es ||||| |||| 00| 0 spa d
020 ## - INTERNATIONAL STANDARD BOOK NUMBER
ISBN 9788441539150
040 ## - Origen de la Catalogacion
Centro catalogador/agencia de origen UTEA
041 ## - Código de idioma (R)
Código de lengua del texto/banda sonora o título independiente (R) spa
082 ## - Número de la Clasificación
Número de la Clasificación 658.84
Notación Interna G74 2017
100 ## - Autor Personal
Autor Personal Iñaki Gorostiza
Término indicativo de función (R) Autor
245 ## - Titulo
Titulo Google Tag Manager
Subtitulo : mide y vencerás
Medio físico [Impreso]
246 ## - Variante del Titulo
Mención de responsabilidad, etc. Iñaki Gorostiza
250 ## - Mencion de edicion
Mencion de edicion 1a. edición :
260 ## - Editorial
Ciudad Madrid,
Nombre de la Editorial Anaya,
Fecha 2017
300 ## - Descripcion
Páginas 271 pàginas
Dimensiones 25 cm
505 ## - Nota de contenido formateada
Nota de contenido formateada Índice del Libro] Introducción -- Google Tag Manager dentro del plan de analítica digital -- La interfaz de Google Tag Manager -- Administración Google Tag Manager -- Conceptos básicos en Google Tag Manager -- Publicación y control de versiones -- Vista previa y depuración del contenido en GTM -- Etiquetas -- Los activadores de Google Tag Manager -- Las variables en Google Tag Manager -- Dom scraping -- Data layer -- Ejemplos prácticos
650 ## - Temas - Descriptores
Temas - Descriptores Dom scraping
9 (RLIN) 44753
650 ## - Temas - Descriptores
Temas - Descriptores Ejemplos prácticos
9 (RLIN) 44754
650 ## - Temas - Descriptores
Temas - Descriptores Data layer
9 (RLIN) 44755
942 ## - Datos personalizados Koha
Tipo de Documento Libros
Fecha procesamiento 2024-09-13
Catalogador Lizbeth Cañari Quispe
Esquema de Clasificacion Dewey Decimal Classification
Existencias
Estado de retiro Estado de pérdida Fuente de Clasificacion Estado No para préstamo Escuela Profesional/ Mención de Maestría Localización permanente Ubicación/localización actual Ubicación en estantería Fecha de adquisición Fuente de adquisición Signatura topográfica completa Código de barras Número de Ejemplar Tipo de ítem Koha
    Dewey Decimal Classification     E.P. Ingeniería de Sistemas e Informática Biblioteca Abancay UTEA Biblioteca Abancay UTEA Área de Ciencias Puras y Aplicada (primer piso) 02/08/2020 Compra 658.84 G74 2017 BABA20020316 ej. 1 Libros
    Dewey Decimal Classification     E.P. Ingeniería de Sistemas e Informática Biblioteca Abancay UTEA Biblioteca Abancay UTEA Área de Ciencias Puras y Aplicada (primer piso) 02/08/2020 Compra 658.84 G74 2017 BABA20020507 ej. 2 Libros
    Dewey Decimal Classification     E.P. Ingeniería de Sistemas e Informática Biblioteca Cusco UTEA Biblioteca Cusco UTEA Biblioteca Puputi 09/13/2024 Compra 658.84 G74 2017 BCUS20020508 ej. 1 Libros
    Dewey Decimal Classification     E.P. Ingeniería de Sistemas e Informática Biblioteca Cusco UTEA Biblioteca Cusco UTEA Biblioteca Puputi 09/13/2024 Compra 658.84 G74 2017 BCUS20020509 ej. 2 Libros
    Dewey Decimal Classification     E.P. Ingeniería de Sistemas e Informática Biblioteca Cusco UTEA Biblioteca Cusco UTEA Biblioteca Puputi 09/13/2024 Compra 658.84 G74 2017 BCUS24020214 ej. 3 Libros